000 00319nam a22001337a 4500
999 _c534185
_d534185
020 _a978-9621551092
040 _cMSOHAIL
082 _a891.4393
100 _aUmaira Ahmad
_92510
245 _aDarbar Dil / دربار دل
260 _aLahore
_bIlm o Irfan Publications
_cc2010
300 _a160;p
942 _2ddc
_cBK